Statistiques concernant Rappeurs invités chez Grünt Entretien

Cliquez ici pour prendre le quiz!

Statistiques générales

  • Ce quiz a été pris 21 fois
  • Le résultat moyen est 6 sur 51

Statistiques - réponses

Invité% Correct
Didi B
100%
Lomepal
41%
Lomepal
41%
NeS
41%
B.B. Jacques
29%
Caballero
29%
JeanJass
29%
Ben PLG
18%
Isha
18%
Limsa d'Aulnay
18%
PLK
18%
Zamdane
18%
8ruki
12%
Ichon
12%
J9ueve
12%
LMB
12%
Medine
12%
Myth Syzer
12%
Prince Waly
12%
Soso Maness
12%
Sto
12%
Tuerie
12%
Benjamin Epps
6%
Cashmire
6%
Chanceko
6%
Dead Obies
6%
EDGE
6%
Hatik
6%
Kendrick Lamar
6%
Knucks
6%
Luidji
6%
Maes
6%
Makala
6%
Maureen
6%
Moussa
6%
Sheldon
6%
Shurik'N
6%
Sneazzy
6%
Tengo John
6%
Berwyn
0%
Headie One
0%
Himra
0%
Joy Crookes
0%
Kalash Crminel
0%
Larry
0%
Loud
0%
Lujipeka
0%
S.Pri Noir
0%
S.Téban
0%
Zikxo
0%
ZKR
0%

Distribution des résultats

Percentile par nombre de réponses

% des personnes avec chaque résultat

Votre développement - résultats

Vous n’avez pas pris ce quiz